Common Knowledge #1 - Statistics

General Stats
  • This quiz has been taken 7,104 times
  • The average score is 17 of 20
Answer Stats
Hint Answer % Correct
How many Lord of the Rings films are there? 3
98%
What is the largest country in the world by area? Russia
97%
Who painted the "Mona Lisa"? Leonardo Da Vinci
95%
What is the largest ocean in the world? Pacific
95%
Rio de Janeiro is a city in which country? Brazil
94%
What is the name of the longest river in Egypt? Nile
94%
What is the largest desert in the world? Sahara | Antarctica
93%
How many minutes is a soccer/football game? 90
92%
Which natural disaster is measured by the Richter Scale? Earthquake
90%
Which planet is closest to the sun? Mercury
89%
How many teeth should an adult have? 32
88%
In what city is Broadway located? New York City
87%
The U.S. entered World War II after the bombing of what? Pearl Harbor
87%
What is the largest organ of the body? Skin
86%
In what franchise would you find Katniss Everdeen? The Hunger Games
84%
How many minutes are in a day? 1440
82%
Both brass and bronze are made from this element. Copper
78%
What is the name of Batman butler? Alfred
66%
What is the periodic symbol of the element above? Cu
66%
What other name does corn go by? Maize
58%
No matching quizzes found
Score Distribution
Percent of People with Each Score
Percentile by Number Answered
Your Score History
You have not taken this quiz